00366nam a2200121Ia 45000010005000000080041000050820025000461000011000712450094000822600024001769010029002009990015002292623241024s9999 xx 000 0 und d aRD/370.97293/ID19c/1 aIDEICE 0aContrato, propuesta técnica, términos de referencia y principales productos esperados bSanto Domingoc2009 a29/11/2012 10:39:18 a.m. c9153d9153